000 00763nam a2200265Ia 4500
003 OSt
005 20220924130606.0
006 a|||||r|||| 00| 0
007 ta
008 220923b |||||||| |||| 00| 0 tam d
024 _a45490
037 _cTextual
040 _aARTS
_cARTS
_btam
041 _2tam
_atam
082 _aO31,1C:g(D65,8(B)), 111M6
100 _aChellamuthu K C
_9200273
245 0 _aComputer analysis of Tirukkural
260 _aThanjavur
_bTamil University
_c1986
300 _axi, 336p.
_ccm.
650 _a TAMIL POETRY
650 _aTAMIL LITERATURE
700 _a Baskaran S
_9200274
942 _hO31,1C:g(D65,8(B)), 111M6
_cTEXL
_2CC
999 _c424917
_d424917